000
00259nam a2200109Ia 4500
008
220204s9999 xx 000 0 und d
082
_a
82-3
_b
MOR
100
_a
Morgan, Stanley
245
4
_a
The Debt collector
260
_a
Herts
_b
Mayflower
_c
1970
942
_c
BK
999
_c
30403
_d
30403